000
00241nam a2200097Ia 4500
001
640219
005
20250826153443.0
008
250824s9999 xx 000 0 und d
245
0
_a
6 Kuşatma Altında
_c
John Flanagan
260
_b
BEYAZ BALİNA
999
_c
640219
_d
640219